The Hindu Heritage of Pakistan (Record no. 30371)
[ view plain ]
| 000 -LEADER | |
|---|---|
| fixed length control field | 00462nam a2200133 4500 |
| 020 ## - INTERNATIONAL STANDARD BOOK NUMBER | |
| International Standard Book Number | 978-969-9532-02-3 |
| 082 ## - DEWEY DECIMAL CLASSIFICATION NUMBER | |
| Classification number | 294.5954 |
| Author Mark | SHA |
| 245 ## - TITLE STATEMENT | |
| Title | The Hindu Heritage of Pakistan |
| 260 ## - PUBLICATION, DISTRIBUTION, ETC. | |
| Place of publication, distribution, etc. | Pakistan |
| Name of publisher, distributor, etc. | Constellation Plus |
| Date of publication, distribution, etc. | 2013 |
| 300 ## - PHYSICAL DESCRIPTION | |
| Extent | 121p. : |
| Other physical details | ill. ; |
| 700 ## - ADDED ENTRY--PERSONAL NAME | |
| Personal name | Dr. Safdar Ali Shah, & Syed Javaid A. Kazi |
| 942 ## - ADDED ENTRY ELEMENTS (KOHA) | |
| Koha item type | Book |
| Withdrawn status | Lost status | Damaged status | Not for loan | Permanent Location | Current Location | Date acquired | Total Checkouts | Full call number | Barcode | Date last seen | Price effective from | Koha item type |
|---|---|---|---|---|---|---|---|---|---|---|---|---|
| School of Natural Sciences (SNS) | School of Natural Sciences (SNS) | 05/26/2016 | 294.5945 SAF | SNS0002170 | 05/26/2016 | 05/26/2016 | Book |
